000 00489nam a2200181Ia 4500
005 20250326130014.0
008 250326s9999 xx 000 0 und d
037 _aTextbook
040 _aFMSL
_beng
_cFMSL
041 _aeng
_2eng
084 _aX:8 N0
_qFMSL
100 _aLivingstond J L
_9740019
245 0 _aManagement planning to control
_cLivingstond J L
260 _aNY
_bNY, McGraw-Hill
_c1970
300 _a616p
942 _cTB
_hX:8 N0
999 _c1280531
_d1280531